[Event "Angarsk op"]
[Site "Angarsk"]
[Date "2011.10.28"]
[Round "7"]
[White "Solyankin, Andrey M"]
[Black "Kiselyov, Sergey Y"]
[Result "1-0"]
[WhiteElo "2240"]
[BlackElo "2027"]
[PlyCount "87"]
[EventDate "2011.10.23"]
[EventType "swiss"]
[EventRounds "9"]
[EventCountry "RUS"]
[SourceTitle "EXT 2012"]
[Source "ChessBase"]
[SourceDate "2011.11.24"]
[SourceVersion "1"]
[SourceVersionDate "2011.11.24"]
[SourceQuality "1"]

1. e4 e6 2. d4 d5 3. Nc3 Bb4 4. e5 Qd7 5. Qg4 f5 6. Qh5+ Qf7 7. Qxf7+ Kxf7 8. Bd2 Bxc3 9. bxc3 Nc6 10. Nf3 Na5 11. Ng5+ Ke8 12. h4 Ne7 13. Be2 Bd7 14. g4 Rc8 15. gxf5 Nxf5 16. Bd3 Ke7 17. Bxf5 exf5 18. 0-0-0 c5 19. h5 Nc4 20. h6 g6 21. Nh3 Rhe8 22. Bg5+ Kf7 23. Bf6 Be6 24. Ng5+ Kg8 25. Rd3 b5 26. Rg3 Bf7 27. Nh3 cxd4 28. cxd4 b4 29. Nf4 Na3 30. Rxa3 bxa3 31. Rh3 Rc4 32. Ne2 Rec8 33. c3 Rb8 34. Re3 Be6 35. Nf4 Rc6 36. Nxe6 Rxe6 37. c4 Rc8 38. c5 Ra6 39. Rb3 Ra4 40. e6 Ra6 41. Rb7 Rxe6 42. Rg7+ Kf8 43. Rxh7 Rce8 44. Rxa7 1-0

[Event "Irkutsk Veda op"]
[Site "Irkutsk"]
[Date "2010.08.19"]
[Round "5"]
[White "Kiselyov, Sergey Y"]
[Black "Trapeznikova, Darya"]
[Result "1/2-1/2"]
[WhiteElo "2027"]
[BlackElo "1976"]
[PlyCount "135"]
[EventDate "2010.08.15"]
[EventType "swiss"]
[EventRounds "9"]
[EventCountry "RUS"]
[SourceTitle "CBM 138 Extra"]
[Source "ChessBase"]
[SourceDate "2010.10.29"]
[SourceVersion "1"]
[SourceVersionDate "2010.10.29"]
[SourceQuality "1"]

1. e4 Nf6 2. e5 Nd5 3. d4 d6 4. exd6 exd6 5. c4 Nb6 6. Nc3 Be7 7. Bd3 Nc6 8. Nge2 Bg4 9. Qc2 Nb4 10. Qb1 Nxd3+ 11. Qxd3 0-0 12. 0-0 Re8 13. Ng3 g6 14. h3 Bd7 15. b3 Bf6 16. Nce4 Bg7 17. Bg5 f6 18. Be3 d5 19. Nc3 c6 20. c5 Nc8 21. b4 Ne7 22. a4 Nf5 23. Nxf5 Bxf5 24. Qd2 Qd7 25. Kh2 Re7 26. b5 Rae8 27. Bf4 h5 28. Rfe1 Kf7 29. bxc6 bxc6 30. Rxe7+ Rxe7 31. Re1 Rxe1 32. Qxe1 Bd3 33. Bd6 Qe6 34. Qd2 Bc4 35. Bf4 g5 36. Be3 Qc8 37. Ne2 h4 38. Qb2 Qa6 39. Nc3 Qc8 40. Ne2 Bf8 41. Ng1 Be7 42. Nf3 Bd8 43. Qc2 Bc7+ 44. Kg1 Kg7 45. Nd2 Ba6 46. Nf3 Bb8 47. Qb1 Be2 48. Qb2 Bd1 49. Nh2 Qc7 50. Ng4 Bxa4 51. Qc1 Qe7 52. f4 gxf4 53. Bxf4 Bxf4 54. Qxf4 Qe1+ 55. Kh2 Qg3+ 56. Qxg3 hxg3+ 57. Kxg3 a5 58. Kf2 f5 59. Ne3 Kf6 60. g3 Bb3 61. Ke1 a4 62. Kd2 a3 63. Kc3 a2 64. Kb2 Kg5 65. Ng2 Kg6 66. Nf4+ Kf6 67. Ka1 Bc4 68. Kb2 1/2-1/2